000 01091nam a2200313 i 4500
001 13748
003 KOSZ 005
005 20191017092954.0
008 080617s1959 pl a f 000 0 pol
015 _aPB 1960/25
040 _aWA N
_cWA N
_dKOSZ 005/KK
080 _a531
080 _a389
080 _a681
100 1 _aJasnorzewski, Jerzy
_d(1906-1989).
_eAutor.
245 1 0 _aMetrologia długości /
_cJerzy Jasnorzewski.
260 _aWarszawa :
_bPaństwowe Przedsiębiorstwo Wydawnictw Kartograficznych,
_c1959.
300 _a259, [1] stron :
_bilustracje ;
_c24 cm.
336 _aTekst
_btxt
_2rdacontent
337 _aBez urządzenia pośredniczącego
_bn
_2rdamedia
338 _aWolumin
_bnc
_2rdacarrier
380 _aKsiążki.
504 _aBibliografia na stronach 255-257.
658 _aInżynieria i technika
650 4 _aPomiary
710 2 _aPaństwowe Przedsiębiorstwo Wydawnictw Kartograficznych
_4pbl.
856 _uhttp://koha.tu.koszalin.pl/cgi-bin/koha/opac-detail.pl?biblionumber=13748
_yKatalog online BPK
942 _2UKD
_cKS
999 _c13748
_d13748